Medical psychology booklet /

Elmentve itt :
Bibliográfiai részletek
Szerzők: Kelemen Oguz
Hamvai Csaba
További közreműködők: Kassai Szilvia
Obál Annabella
Palatinus Kinga
Dokumentumtípus: Könyv
Megjelent: Department of Behavioral Sciences, Albert Szent-Györgyi Medical School, University of Szeged Szeged 2026-04
Kulcsszavak:pszichológia
orvosi
Tárgyszavak:
Online Access:http://eta.bibl.u-szeged.hu/6114
LEADER 01015nam a2200301 i 4500
001 eta6114
005 20260526080248.0
008 260526s2026 hu o 000 eng d
020 |a 9789636881047 
040 |a SZTE Elektronikus Tananyag Archívum  |b hun 
041 |a eng 
100 1 |a Kelemen Oguz 
245 1 0 |a Medical psychology   |h [elektronikus dokumentum] :  |b booklet /  |c  Kelemen Oguz 
260 |a Department of Behavioral Sciences, Albert Szent-Györgyi Medical School, University of Szeged  |b Szeged  |c 2026-04 
300 |a 240 
516 |a Book 
650 4 |a Orvos- és egészségtudomány 
650 4 |a Klinikai orvostan 
650 4 |a Társadalomtudományok 
650 4 |a Pszichológia 
695 |a pszichológia 
695 |a orvosi 
700 0 1 |a Kassai Szilvia 
700 0 1 |a Obál Annabella 
700 0 1 |a Kelemen Oguz 
700 0 1 |a Palatinus Kinga 
700 0 1 |a Hamvai Csaba  |e aut 
856 4 0 |u https://eta.bibl.u-szeged.hu/6114/1/MEDICAL%20PSYCHOLOGY%20BOOKLET%202026%20v%C3%A9dett.pdf  |z Dokumentum-elérés